Nasty nature / (Record no. 5323)
[ view plain ]
| 000 -LEADER | |
|---|---|
| fixed length control field | nam a22 7a 4500 |
| 005 - DATE AND TIME OF LATEST TRANSACTION | |
| control field | 20180628013157.0 |
| 008 - FIXED-LENGTH DATA ELEMENTS--GENERAL INFORMATION | |
| fixed length control field | 180628b xxu||||| |||| 00| 0 eng d |
| 020 ## - IDENTIFIER FOR THE MANIFESTATION | |
| Identifier for the Manifestation | 9780439944519 |
| Binding | paperback |
| 040 ## - CATALOGING SOURCE | |
| Language of Cataloging | eng |
| Transcribing Agency | APEC Schools Library |
| Description Conventions | rda |
| 082 ## - DEWEY DECIMAL CLASSIFICATION NUMBER | |
| Classification number | C 590 |
| Author's Number | Ar641n 2008 |
| 100 ## - CREATOR | |
| Preferred Name of the Person | Arnold, Nick |
| 245 ## - TITLE AND STATEMENT OF RESPONSIBILITY | |
| Preferred Title Proper | Nasty nature / |
| Statement of Responsibility/Parallel Statement of Responsibility | Nick Arnold |
| 264 ## - PUBLICATION STATEMENT | |
| Place of publication, distribution, etc | London, UK : |
| Publisher's Name/Parallel Publisher's Name | Scholastic Children's Books, |
| Copyright | ©2008. |
| Date of Publication | [2008]. |
| 300 ## - PHYSICAL DESCRIPTION | |
| Extent | 173 pages : |
| Illustrative Content | illustrations ; |
| Dimensions | 20 cm |
| 336 ## - RDA CONTENT | |
| Source | rdacontent |
| Content Type | text |
| 337 ## - RDA MEDIA | |
| Source | rdamedia |
| Media Type | unmediated |
| 338 ## - RDA CARRIER | |
| Source | rdacarrier |
| Carrier Type | volume |
| 490 ## - SERIES STATEMENT | |
| Title Proper of Series | Horrible science |
| 504 ## - BIBLIOGRAPHY, ETC. NOTE | |
| Bibliography, etc | Includes index |
| 505 ## - CONTENTS | |
| Related Work = Contents | Introduction 5 -- Freaky Creatures 7 -- Dumb Animals? 24 -- Snarls, Growls, and Howls 39 -- Terrible Travels 54 -- Nice and Nasty: Helpers and Hangers on 65 -- Horrible Hunters 78 -- Poisoned Prey 96 -- Narrow Squeaks 105 -- Gruesome Guzzling 118 -- A Bit of Breeding 136 -- Nocturnal Nasties 149 -- Nasty Nature? 158 -- Nasty Nature Quiz 161 -- Horrible Index 169 |
| 520 ## - SUMMARIZATION OF THE CONTENT | |
| Summarization of the Content | This series looks at the nastier side of science. 'Nasty Nature' uses fact files, quizzes, cartoons and teacher tests to show children some of the more revolting and zany aspects of the animal world. Horrible Science is getting a make-over! With a fantastic new cover look and a extra horrible bits at the back of the book, these best-selling titles are sure to be a huge hit with a new generation of Horrible Science readers. |
| 942 ## - ADDED ENTRY ELEMENTS (KOHA) | |
| Source of Classification | |
| Koha Item Type | Books |
| Library | Site Location | Shelving Location | Source of Acquisition | Full Classification Number | Koha Item Type | Accession Number |
|---|---|---|---|---|---|---|
| APEC Chain of Schools Library | APEC Chain of Schools Library | Circulation | Institutional Fund | C 590 Ar641n 2008 | Non Fiction | |
| APEC Calumpang Library | APEC Calumpang Library | Circulation | Institutional Fund | C 590 Ar641n 2008 | Non Fiction | B10-0000353 |
